ARRUPE JESUIT UNIVERSITY

CORONAVIRUS -STOP THE SPREAD - CLEAN,DISINFECT,COVER

Humanization of social life (Record no. 61614)

MARC details
000 -LEADER
fixed length control field 00718nam a2200229Ia 4500
003 - CONTROL NUMBER IDENTIFIER
control field 0100
008 - FIXED-LENGTH DATA ELEMENTS--GENERAL INFORMATION
fixed length control field 130303s9999 xx 000 0 und d
040 ## - CATALOGING SOURCE
Transcribing agency ARRUPELIB
050 ## - LIBRARY OF CONGRESS CALL NUMBER
Classification number HM681.T58 2004
300 ## - PHYSICAL DESCRIPTION
Other physical details 339p. 23cm.
245 ## - TITLE STATEMENT
Title Humanization of social life
245 ## - TITLE STATEMENT
Remainder of title theory and challenges
260 ## - PUBLICATION, DISTRIBUTION, ETC. (IMPRINT)
Place of publication, distribution, etc Washington, D. C.
260 ## - PUBLICATION, DISTRIBUTION, ETC. (IMPRINT)
Name of publisher, distributor, etc The Council for Research in Values And Philosophy
260 ## - PUBLICATION, DISTRIBUTION, ETC. (IMPRINT)
-- 2004
300 ## - PHYSICAL DESCRIPTION
Extent iv
440 ## - SERIES STATEMENT/ADDED ENTRY--TITLE
Title Cultural heritage and contemporary change series vii, seminars on culture and values, vol. 18
650 ## - SUBJECT ADDED ENTRY--TOPICAL TERM
Topical term following geographic name as entry element Pascal, Blaise Pens?es
650 ## - SUBJECT ADDED ENTRY--TOPICAL TERM
Location of event Pascal, Blaise - Bibliography
700 ## - ADDED ENTRY--PERSONAL NAME
Personal name Wheatley, Christopher ; Badillo, Robert P. eds.
942 ## - ADDED ENTRY ELEMENTS (KOHA)
Source of classification or shelving scheme Library of Congress Classification
Koha issues (borrowed), all copies 1
Holdings
Withdrawn status Lost status Source of classification or shelving scheme Damaged status Not for loan Collection code Home library Current library Shelving location Date acquired Total Checkouts Full call number Barcode Date last seen Date checked out Copy number Price effective from Koha item type
    Library of Congress Classification     Main Collection ARRUPE LIBRARY ARRUPE LIBRARY   05/03/2013 1 HM681.T58 2004 46003093861 30/04/2018 17/02/2014 1 05/03/2013 Monograph ( Printed materials)

 

Arrupe Library. PO Box MP320 Mt Pleasant, Harare, Zimbabwe
263 242 745411|librarian@aju.ac.zw